Home Print Resources E-Books E-Journals IIMT Lecture Series Library Membership Form Book Recommendation Form Campus Tour Take AdmissionAbout Us Contact Us

AGROMETEOROLOTGY AND CLIMATE CHANGE (Record no. 44597)

000 -LEADER
fixed length control field 00402nam a22001577a 4500
003 - CONTROL NUMBER IDENTIFIER
control field OSt
005 - DATE AND TIME OF LATEST TRANSACTION
control field 20240409165744.0
008 - FIXED-LENGTH DATA ELEMENTS--GENERAL INFORMATION
fixed length control field 181212b xxu||||| |||| 00| 0 eng d
020 ## - INTERNATIONAL STANDARD BOOK NUMBER
International Standard Book Number 978-9384479954
040 ## - CATALOGING SOURCE
Transcribing agency IIMT UNIVERSITY
100 ## - MAIN ENTRY--PERSONAL NAME
Personal name ARYA,MOHAN LAL
245 ## - TITLE STATEMENT
Title AGROMETEOROLOTGY AND CLIMATE CHANGE
260 ## - PUBLICATION, DISTRIBUTION, ETC.
Place of publication, distribution, etc. MEERUT
Name of publisher, distributor, etc. RAMA PUBLICATION HOUSE
Date of publication, distribution, etc. 2017
300 ## - PHYSICAL DESCRIPTION
Extent 204
942 ## - ADDED ENTRY ELEMENTS (KOHA)
Source of classification or shelving scheme
Koha item type Text-Book- for 7 days
Edition 1ST
Holdings
Withdrawn status Lost status Source of classification or shelving scheme Damaged status Not for loan Home library Current library Date acquired Source of acquisition Cost, normal purchase price Inventory number Total Checkouts Full call number Barcode Checked out Date last seen Date last checked out Uniform Resource Identifier Cost, replacement price Price effective from Koha item type
          IIMT University Central Library Meerut IIMT University Central Library Meerut 12/12/2018 G 160.00 000 2 000 01-B-127973 01/15/2020 09/20/2019 09/20/2019 AGRICULTURE 160.00 12/12/2018 Book Bank
IIMT, Central Library. All Rights Reserved IIMT,UNIVERSITY © 2023
Implemented and Customised by I CLOUDE EMS
You Are OPAC Visitor No
free web counter

Powered by Koha